<?xml version="1.0" encoding="UTF-8"?>
<record
    xmlns:xsi="http://www.w3.org/2001/XMLSchema-instance"
    xsi:schemaLocation="http://www.loc.gov/MARC21/slim http://www.loc.gov/standards/marcxml/schema/MARC21slim.xsd"
    xmlns="http://www.loc.gov/MARC21/slim">

  <leader>01359nam a2200253 a 4500</leader>
  <controlfield tag="001">27853</controlfield>
  <controlfield tag="003">CO-ViMGA</controlfield>
  <controlfield tag="005">20250801162557.0</controlfield>
  <controlfield tag="008">141112s2004    ck      r     000 u spa d</controlfield>
  <datafield tag="020" ind1=" " ind2=" ">
    <subfield code="a">958808976X</subfield>
  </datafield>
  <datafield tag="040" ind1=" " ind2=" ">
    <subfield code="a">CO-ViMGA</subfield>
    <subfield code="b">spa</subfield>
    <subfield code="c">CO-ViMGA</subfield>
  </datafield>
  <datafield tag="082" ind1=" " ind2=" ">
    <subfield code="a">918.61</subfield>
    <subfield code="b">M587</subfield>
  </datafield>
  <datafield tag="100" ind1=" " ind2=" ">
    <subfield code="a">Gonfrier Sarmiento, Martha In&#xE9;s</subfield>
    <subfield code="e">Gerente Llano Sie7e D&#xED;as</subfield>
    <subfield code="9">43692</subfield>
  </datafield>
  <datafield tag="110" ind1=" " ind2=" ">
    <subfield code="a">El Tiempo - Llano 7 d&#xED;as</subfield>
    <subfield code="9">26470</subfield>
  </datafield>
  <datafield tag="245" ind1="1" ind2="0">
    <subfield code="a">El Meta y sus muncipios/</subfield>
    <subfield code="c">Martha In&#xE9;s Gonfrier Sarmiento, Gerente Llano Sie7e D&#xED;as; Oscar Alfonso Pab&#xF3;n Monroy, Investigaci&#xF3;n y redacci&#xF3;n; Hernando Herrera Estrada, fotograf&#xED;a</subfield>
  </datafield>
  <datafield tag="264" ind1=" " ind2=" ">
    <subfield code="a">Villavicencio, Meta, Colombia</subfield>
    <subfield code="b">Casa Editorial El Tiempo</subfield>
    <subfield code="c">2014</subfield>
  </datafield>
  <datafield tag="300" ind1=" " ind2=" ">
    <subfield code="a">139  p&#xE1;ginas</subfield>
    <subfield code="b">ilustraciones a color, fotos, mapas</subfield>
    <subfield code="c">30 cm</subfield>
  </datafield>
  <datafield tag="505" ind1=" " ind2=" ">
    <subfield code="a">Acacias - Barranca de Up&#xED;a - Cabuyaro - Castilla la nueva - Cubarral - Cumaral - El Calvario - El Castillo - El Dorado - Fuente de oro - Granada - Guamal - La Macarena - Lejanias - Mapiripan - Mesetas - Puerto Concordia - Puerto Gait&#xE1;n - Puerto Lleras - Puerto L&#xF3;pez - Puerto Rico - Restrepo - San Carlos de Guaroa - San Juan de Arama - San Juanito - San Mart&#xED;n - Uribe - Villavicencio - Vista Hermosa</subfield>
  </datafield>
  <datafield tag="650" ind1="1" ind2="4">
    <subfield code="a">Municipios del Departamento del Meta</subfield>
    <subfield code="9">26472</subfield>
  </datafield>
  <datafield tag="650" ind1="1" ind2="4">
    <subfield code="a">Meta</subfield>
    <subfield code="x">Geograf&#xED;a</subfield>
    <subfield code="9">43693</subfield>
  </datafield>
  <datafield tag="650" ind1="1" ind2="4">
    <subfield code="a">Meta</subfield>
    <subfield code="x">Historia</subfield>
    <subfield code="9">43694</subfield>
  </datafield>
  <datafield tag="942" ind1=" " ind2=" ">
    <subfield code="2">ddc</subfield>
    <subfield code="c">BK</subfield>
  </datafield>
  <datafield tag="999" ind1=" " ind2=" ">
    <subfield code="c">27853</subfield>
    <subfield code="d">27853</subfield>
  </datafield>
  <datafield tag="952" ind1=" " ind2=" ">
    <subfield code="0">0</subfield>
    <subfield code="1">0</subfield>
    <subfield code="2">ddc</subfield>
    <subfield code="4">0</subfield>
    <subfield code="7">0</subfield>
    <subfield code="8">GEN</subfield>
    <subfield code="a">MEGUAMAL</subfield>
    <subfield code="b">MEGUAMAL</subfield>
    <subfield code="c">LIT</subfield>
    <subfield code="d">2024-11-13</subfield>
    <subfield code="e">Literatura Regional</subfield>
    <subfield code="l">0</subfield>
    <subfield code="o">918.61  M587</subfield>
    <subfield code="p">GUA004474</subfield>
    <subfield code="r">2024-11-13 09:32:27</subfield>
    <subfield code="t">Ej.1</subfield>
    <subfield code="w">2024-11-13</subfield>
    <subfield code="y">BK</subfield>
  </datafield>
</record>
